Burden of history : (Record no. 151393)

MARC details
000 -LEADER
fixed length control field 00639nam a22001937a 4500
005 - DATE AND TIME OF LATEST TRANSACTION
control field 20180418141918.0
010 ## - LCCN (DPL NO)
LC control number ENG-122768
020 ## - INTERNATIONAL STANDARD BOOK NUMBER
International Standard Book Number 9780199478361
Terms of availability 750.00
035 ## - SYSTEM CONTROL NUMBER
System control number EN-106300
037 ## - SOURCE OF ACQUISITION
Source of stock number/acquisition DBAD/PUB
082 ## - DEWEY DECIMAL CLASSIFICATION NUMBER
Classification number 954.51
100 ## - MAIN ENTRY--PERSONAL NAME
Personal name Misra, Udayon
245 ## - TITLE STATEMENT
Title Burden of history :
Statement of responsibility, etc by Udayon Misra
Remainder of title Assam and dther partition - unresolved issues /
260 ## - PUBLICATION, DISTRIBUTION, ETC. (IMPRINT)
Place of publication, distribution, etc New Delhi
Name of publisher, distributor, etc Oxford University Press
Date of publication, distribution, etc 2017
270 ## - ADDRESS
Address 2/11 Ground Floor, Ansari Road, Daryaganj,
City New Delhi
Postal code 110002
300 ## - PHYSICAL DESCRIPTION
Extent 221p.
Dimensions 22cm.(Hb)
Other physical details ill.
500 ## - GENERAL NOTE
General note It include references [and] index
942 ## - ADDED ENTRY ELEMENTS (KOHA)
Source of classification or shelving scheme Dewey Decimal Classification
Item type English Books
Call number suffix MIS
Classification part 954.51
Holdings
Withdrawn status Lost status Not for loan Collection code Home library Current library Date acquired Source of acquisition Cost, normal purchase price Full call number Barcode Copy number Cost, replacement price Koha item type
    Not For Loan Non-fiction D.B.Act.Division Patel Nagar 18/04/2018 DBAD/PUB 750.00 954.51 MIS EN-106300 1 750.00 English Books

© Delhi Public Library
Hit Counter
free hit counter